NBA Players Who Led The Day In Points For The 2020s - Statistics

General Stats
  • This quiz has been taken 98 times
    21 since last reset
  • The average score is 76 of 131
Answer Stats
Team Player Days Led % Correct
Los Angeles Lakers, Dallas Mavericks Anthony Davis 23
100%
Minnesota Timberwolves Anthony Edwards 20
100%
Washington Wizards, Phoenix Suns Bradley Beal 21
100%
Denver Nuggets Bruce Brown 1
100%
Portland Trailblazers, Milwaukee Bucks Damian Lillard 48
100%
San Antonio Spurs, Chicago Bulls DeMar DeRozan 21
100%
Phoenix Suns Devin Booker 42
100%
Utah Jazz, Cleveland Cavaliers Donovan Mitchell 26
100%
Milwaukee Bucks Giannis Antetokounmpo 52
100%
New York Knicks Jalen Brunson 18
100%
Houston Rockets, Brooklyn Nets, Philadelphia 76ers, Los Angeles Clippers James Harden 40
100%
Memphis Grizzlies Ja Morant 14
100%
Boston Celtics Jaylen Brown 16
100%
Boston Celtics Jayson Tatum 33
100%
Philadelphia 76ers Joel Embiid 37
100%
New York Knicks, Minnesota Timberwolves Julius Randle 14
100%
Brooklyn Nets, Phoenix Suns Kevin Durant 25
100%
Los Angeles Lakers LeBron James 25
100%
Dallas Mavericks, Los Angeles Lakers Luka Dončić 55
100%
Denver Nuggets Nikola Jokić 28
100%
Oklahoma City Thunder Shai Gilgeous-Alexander 35
100%
Golden State Warriors Stephen Curry 40
100%
Atlanta Hawks Trae Young 35
100%
Sacramento Kings De'Aaron Fox 16
94%
Atlanta Hawks Dejounte Murray 2
94%
Denver Nuggets Jamal Murray 6
94%
Golden State Warriors, Washington Wizards Jordan Poole 6
94%
Minnesota Timberwolves, New York Knicks Karl-Anthony Towns 10
94%
Los Angeles Clippers Kawhi Leonard 10
94%
Sacramento Kings Keegan Murray 1
94%
Brooklyn Nets, Dallas Mavericks Kyrie Irving 21
94%
Toronto Raptors, Indiana Pacers Pascal Siakam 8
94%
Los Angeles Clippers Paul George 10
94%
Philadelphia 76ers Tyrese Maxey 15
94%
Chicago Bulls, Sacramento Kings Zach LaVine 18
94%
New Orleans Pelicans Zion Williamson 6
89%
New Orleans Pelicans Brandon Ingram 5
83%
Brooklyn Nets Cam Thomas 10
83%
Portland Trailblazers, New Orleans Pelicans CJ McCollum 10
83%
Toronto Raptors, Houston Rockets Fred VanVleet 6
83%
Memphis Grizzlies Jaren Jackson Jr. 7
83%
Golden State Warriors Klay Thompson 3
83%
Charlotte Hornets LaMelo Ball 3
83%
Cleveland Cavaliers Tristan Thompson 1
83%
Houston Rockets Alperen Sengun 2
78%
Utah Jazz Lauri Markkanen 5
78%
Brooklyn Nets Mikal Bridges 8
78%
Charlotte Hornets Miles Bridges 5
78%
Orlando Magic, Chicago Bulls Nikola Vučević 5
78%
Houston Rockets, Washington Wizards Russell Westbrook 7
78%
Sacramento Kings, Indiana Pacers Tyrese Haliburton 2
72%
Miami Heat Bam Adebayo 1
67%
Cleveland Cavaliers Darius Garland 4
67%
Houston Rockets Jalen Green 7
67%
Miami Heat Jimmy Butler 2
67%
New Orleans Pelicans, Milwaukee Bucks Jrue Holiday 3
67%
San Antonio Spurs Keldon Johnson 1
67%
Houston Rockets Kevin Porter Jr. 1
67%
Milwaukee Bucks Khris Middleton 3
67%
Denver Nuggets Michael Porter Jr. 3
67%
Orlando Magic Paolo Banchero 4
67%
San Antonio Spurs Victor Wembanyama 4
67%
Denver Nuggets Aaron Gordon 1
61%
Phoenix Suns Cameron Johnson 2
61%
Chicago Bulls Coby White 3
61%
Houston Rockets Eric Gordon 1
61%
Memphis Grizzlies GG Jackson II 2
61%
Boston Celtics Kemba Walker 1
61%
San Antonio Spurs Lonnie Walker IV 1
61%
Indiana Pacers Myles Turner 1
61%
Denver Nuggets Reggie Jackson 1
61%
New York Knicks, Toronto Raptors RJ Barrett 5
61%
Philadelphia 76ers Tobias Harris 4
61%
Miami Heat Tyler Herro 3
61%
Oklahoma City Thunder Aaron Wiggins 1
56%
Miami Heat Andrew Wiggins 1
56%
Portland Trailblazers Anfernee Simons 2
56%
Los Angeles Lakers Austin Reaves 1
56%
Detroit Pistons Cade Cunningham 1
56%
Golden State Warriors, Minnesota Timberwolves, Los Angeles Lakers D'Angelo Russell 4
56%
Orlando Magic Franz Wagner 3
56%
Sacramento Kings Harrison Barnes 1
56%
Oklahoma City Thunder Chet Holmgren 1
50%
Cleveland Cavaliers, Utah Jazz Collin Sexton 4
50%
Utah Jazz Jordan Clarkson 4
50%
Washington Wizards Kyle Kuzma 3
50%
Memphis Grizzlies Desmond Bane 2
44%
Toronto Raptors Kyle Lowry 1
44%
Charlotte Hornets Terry Rozier 6
44%
Golden State Warriors Kelly Oubre Jr. 1
39%
Toronto Raptors, Los Angeles Clippers Norman Powell 3
39%
Washington Wizards, Portland Trail Blazers Deni Avdija 2
33%
Oklahoma City Thunder Luguentz Dort 1
33%
Brooklyn Nets Spencer Dinwiddie 2
33%
New Orleans Pelicans Trey Murphy III 1
33%
Boston Celtics, Charlotte Hornets Gordon Hayward 4
28%
New York Knicks Immanuel Quickley 1
28%
San Antonio Spurs LaMarcus Aldridge 2
28%
Atlanta Hawks Bogdan Bogdanović 1
22%
Utah Jazz Bojan Bogdanović 2
22%
Brooklyn Nets, Indiana Pacers Caris LeVert 4
22%
Houston Rockets Dillon Brooks 1
22%
New York Knicks Donte DiVincenzo 1
22%
Detroit Pistons, Portland Trailblazers Jerami Grant 6
22%
New Orleans Pelicans Jonas Valanciunas 1
22%
Phoenix Suns Jusuf Nurkic 1
22%
Detroit Pistons Malachi Flynn 1
22%
Washington Wizards Rui Hachimura 1
22%
Philadelphia 76ers Quentin Grimes 3
17%
Indiana Pacers T.J. Warren 3
17%
Toronto Raptors Gary Trent Jr. 1
11%
Cleveland Cavaliers Georges Niang 1
11%
New York Knicks Obi Toppin 1
11%
Cleveland Cavaliers Ricky Rubio 1
11%
Detroit Pistons Saddiq Bey 1
11%
Portland Trail Blazers Shaedon Sharpe 1
11%
Phoenix Suns Aron Baynes 1
6%
Chicago Bulls Ayo Dosunmu 1
6%
Atlanta Hawks Cam Reddish 1
6%
Toronto Raptors Chris Boucher 1
6%
Houston Rockets Christian Wood 1
6%
Los Angeles Lakers Dalton Knecht 1
6%
New York Knicks Evan Fournier 2
6%
Toronto Raptors Ja'Kobe Walter 1
6%
Dallas Mavericks Naji Marshall 1
6%
Milwaukee Bucks Pat Connaughton 1
6%
Oklahoma City Thunder Hamidou Diallo 1
0%
Miami Heat Kendrick Nunn 1
0%
Sacramento Kings Nemanja Bjelica 1
0%
Los Angeles Clippers Robert Covington 1
0%
Atlanta Hawks Zaccharie Risacher 1
0%
No matching quizzes found
Score Distribution
Percent of People with Each Score
Percentile by Number Answered
Your Score History
You have not taken this quiz since the last reset